00854nam a2200217 a 4500001001000000003000500010005001700015008004100032010001100073011001100084040000900095100003000104245018300134260004100317500006000358502007600418650002300494650002500517650002400542856007000566000111468CHAP20220329144212.0150511s2015 mx sm |||||||spa d a107930 a108902 cCHAP1 aMendoza García, Beatriz10aEvaluación del rendimiento de 14 híbridos de maíz(Zea mays L.) blanco, bajo condiciones de temporal en Valles Altos de Méxicoh[En línea]cpor Beatriz Mendoza García. aChapingo, Méx. :bEl autor,c2015. aPara ver el contenido del material haga clic en la liga aTesis (Ing. Agr. Esp. en Fitotecia) -- UACH. Departamento de Fitotecnia14aMaíz Híbridos.14aMaízxRendimiento.14aMaízxVariedades. aFinding aiduhttp://10.13.5.2/tesis/sist111468.pdfzTeclea aquí